[Event "II Liga CS - Istok"]
[Site "Golubac"]
[Date "2008.10.16"]
[Round "6.1"]
[White "Denovic, Branislav"]
[Black "Govedarica, Radovan"]
[Result "0-1"]
[WhiteElo "2135"]
[BlackElo "2399"]
[PlyCount "78"]
[EventDate "2008.09.14"]

1. e4 c5 2. Nf3 Nc6 3. d4 cxd4 4. Nxd4 Nf6 5. Nc3 d6 6. Be2 g6 7. O-O Bg7 8.
Be3 O-O 9. h3 Bd7 10. Qd2 Nxd4 11. Bxd4 Bc6 12. f4 e5 13. Be3 Nxe4 14. Nxe4
Bxe4 15. Rad1 exf4 16. Rxf4 Bc6 17. Rf2 d5 18. Bf3 Qd7 19. Re2 Qc7 20. Bd4 Rfd8
21. Bxg7 Kxg7 22. Qd4+ Kg8 23. Red2 Qa5 24. b3 Rd7 25. Kh1 a6 26. Re2 Rf8 27.
Rde1 Qd8 28. h4 Rd6 29. c4 dxc4 30. Qxc4 Bxf3 31. gxf3 Rd4 32. Qc5 Qxh4+ 33.
Kg2 Qd8 34. Re7 Rd2+ 35. Kg3 Qd6+ 36. Qxd6 Rxd6 37. Rxb7 a5 38. Ra7 Rc8 39. Re3
Kg7 0-1

[Event "II Liga CS - Istok"]
[Site "Golubac"]
[Date "2008.10.16"]
[Round "6.1"]
[White "Dezelin, Milan"]
[Black "Djuric, Ranko"]
[Result "1-0"]
[WhiteElo "2318"]
[BlackElo "2148"]
[Annotator ",compaq"]
[PlyCount "24"]
[EventDate "2008.09.14"]

1. d4 Nf6 2. Bg5 e6 3. e4 Be7 4. e5 Nd5 5. f4 Bxg5 6. fxg5 Qxg5 7. Nf3 Qe7 8.
c4 Nf4 9. Qc2 Ng6 10. Bd3 Nf8 11. Nc3 d6 12. O-O-O Nc6 {necitko...} 1-0

[Event "II Liga CS - Istok"]
[Site "Golubac"]
[Date "2008.10.16"]
[Round "6.1"]
[White "Rolj, Petar"]
[Black "Lapcevic, Milos"]
[Result "0-1"]
[WhiteElo "2061"]
[BlackElo "2342"]
[PlyCount "132"]
[EventDate "2008.09.14"]

1. e4 c5 2. Nf3 d6 3. d4 cxd4 4. Nxd4 Nf6 5. Nc3 a6 6. Be3 e5 7. Nde2 Be7 8.
Ng3 O-O 9. Bd3 Be6 10. O-O Nbd7 11. Kh1 Ng4 12. Bc1 g6 13. f3 Ngf6 14. f4 exf4
15. Bxf4 Ne5 16. h3 Rc8 17. Qe2 Re8 18. Rad1 Nfd7 19. a3 Bf6 20. Qf2 Bg7 21.
Nge2 Nc5 22. Nd4 Qe7 23. Nd5 Bxd5 24. exd5 Ncxd3 25. cxd3 Rc5 26. Nf3 Rxd5 27.
Bg5 Qd7 28. Nxe5 Rdxe5 29. Bc1 Re2 30. Qb6 d5 31. b4 R8e6 32. Qa7 h5 33. Bf4 d4
34. Bg5 Qd5 35. Qb8+ Bf8 36. Qg3 Bd6 37. Bf4 R6e3 38. Qg5 Qxg5 39. Bxg5 Rg3 40.
Bf4 Bxf4 41. Rxf4 Rgxg2 42. Rxd4 Rh2+ 43. Kg1 Reg2+ 44. Kf1 Rg3 45. h4 Rgh3 46.
Re1 Rxh4 47. Re8+ Kg7 48. Rxh4 Rxh4 49. Re7 b5 50. Ra7 Rd4 51. Ke2 Rd6 52. Ke3
g5 53. Ke4 Kg6 54. d4 h4 55. Rc7 Re6+ 56. Kf3 f5 57. d5 g4+ 58. Kf2 Re4 59.
Rc6+ Kg5 60. Rxa6 Rd4 61. d6 Kf4 62. Rc6 g3+ 63. Ke2 h3 64. Rc1 Rxd6 65. a4 h2
66. axb5 g2 0-1

[Event "II Liga CS - Istok"]
[Site "Golubac"]
[Date "2008.10.16"]
[Round "6.1"]
[White "Djokic, Nebojsa"]
[Black "Jovic, Dusan"]
[Result "0-1"]
[WhiteElo "2220"]
[BlackElo "2150"]
[PlyCount "120"]
[EventDate "2008.09.14"]

1. e4 e5 2. Nf3 Nc6 3. Bb5 d6 4. O-O Bg4 5. h3 Bh5 6. c3 Nf6 7. Re1 Be7 8. d4
O-O 9. d5 Nb8 10. Bd3 Nbd7 11. Nbd2 c6 12. dxc6 bxc6 13. Nf1 Nc5 14. Bc2 Bg6
15. Ng3 Qc7 16. b4 Ne6 17. Nf5 Rfd8 18. N3h4 Bf8 19. Qf3 a5 20. Bb3 d5 21. exd5
cxd5 22. bxa5 e4 23. Qe3 Rxa5 24. Nd4 Nc5 25. Nxg6 hxg6 26. Bd2 Rda8 27. Rab1
Nd3 28. Red1 Bc5 29. Qg5 Ba7 30. g3 Re8 31. Kg2 Rc5 32. Qe3 Qe7 33. Bc2 Ne5 34.
Bb3 Rc7 35. Qe2 Rc5 36. Ba4 Rec8 37. Bb5 R5c7 38. Ba6 Rd8 39. Nb5 Rcd7 40. Nxa7
Rxa7 41. Be3 Rad7 42. Bb5 Rb7 43. a4 Rdb8 44. Ra1 Qe6 45. Bd4 Nf3 46. Bc5 Ng5
47. Rh1 Nf3 48. Qe3 g5 49. Rhd1 Nh5 50. c4 dxc4 51. Rd6 Qe5 52. Rad1 Nf4+ 53.
gxf4 gxf4 54. Qa3 c3 55. R1d5 Qe7 56. Rh6 Qc7 57. Rhd6 c2 58. Rd7 Qa5 59. Bb4
Rxd7 60. Rxd7 Ne5 0-1

[Event "II Liga CS - Istok"]
[Site "Golubac"]
[Date "2008.10.16"]
[Round "6.1"]
[White "Dimitrijevic, Radmilo"]
[Black "Rakovic, Miroslav"]
[Result "0-1"]
[WhiteElo "2186"]
[BlackElo "2042"]
[PlyCount "128"]
[EventDate "2008.09.14"]

1. e4 e6 2. d4 d5 3. exd5 exd5 4. Nf3 Nf6 5. c4 Bb4+ 6. Bd2 Bxd2+ 7. Nbxd2 O-O
8. Be2 Bg4 9. O-O Nbd7 10. Qb3 dxc4 11. Qxb7 Nb6 12. h3 Be6 13. Qa6 Bd5 14. Ne5
Re8 15. Ndxc4 Ne4 16. Ne3 f6 17. N5c4 Bf7 18. Rfd1 Qe7 19. Bf3 Rad8 20. Rac1
Nxc4 21. Nxc4 Bd5 22. Ne3 c6 23. Nxd5 cxd5 24. Qa5 f5 25. Bxe4 fxe4 26. Rc7 Rd7
27. Rxd7 Qxd7 28. Rc1 e3 29. fxe3 Rxe3 30. Qd2 Re4 31. Re1 Qe6 32. Rxe4 Qxe4
33. a3 Kf7 34. Qc3 Kg6 35. Qg3+ Kh6 36. Qd6+ g6 37. Qf8+ Kg5 38. Qf2 Qb1+ 39.
Kh2 Qe4 40. Qg3+ Kf5 41. Qf2+ Qf4+ 42. Kg1 Qxf2+ 43. Kxf2 Ke4 44. Ke2 Kxd4 45.
Kd2 g5 46. g3 h5 47. b3 g4 48. h4 Ke4 49. Ke2 d4 50. b4 d3+ 51. Kd2 Kf3 52. b5
Kxg3 53. a4 Kf2 54. a5 g3 55. b6 axb6 56. axb6 g2 57. b7 g1=Q 58. b8=Q Qe1+ 59.
Kxd3 Qe3+ 60. Kc4 Qe4+ 61. Kc5 Qxh4 62. Qb2+ Kf3 63. Qc3+ Kg2 64. Qd2+ Qf2+ 0-1

[Event "II Liga CS - Istok"]
[Site "Golubac"]
[Date "2008.10.16"]
[Round "6.2"]
[White "Kostic, Nebojsa"]
[Black "Garic, Radomir"]
[Result "0-1"]
[WhiteElo "2315"]
[BlackElo "2251"]
[PlyCount "106"]
[EventDate "2008.09.14"]

1. c4 c5 2. Nf3 Nc6 3. d4 cxd4 4. Nxd4 g6 5. e4 Bg7 6. Be3 Nf6 7. Nc3 O-O 8.
Be2 d6 9. O-O Bd7 10. f3 Nxd4 11. Bxd4 Bc6 12. Qd2 Nd7 13. Be3 a5 14. Rab1 Nc5
15. b3 Qb6 16. Rfc1 Rfc8 17. Qc2 Qd8 18. Qd2 Qf8 19. Bd1 Be5 20. a3 Qg7 21. b4
axb4 22. axb4 Ra3 23. bxc5 Bxc3 24. Qf2 Be5 25. Kh1 Rca8 26. cxd6 Bxd6 27. c5
Bc7 28. Bb3 Qe5 29. Qh4 Rd8 30. Bf2 Qf4 31. Qxf4 Bxf4 32. Rd1 Rxd1+ 33. Bxd1
Ra2 34. Bg1 Kg7 35. Bb3 Rd2 36. Rd1 Rxd1 37. Bxd1 f5 38. g3 Bc7 39. Bc2 Kf6 40.
Kg2 Ba5 41. Bd4+ e5 42. Be3 Bc3 43. Kf2 Bb5 44. Bb3 Bc6 45. Bc2 fxe4 46. fxe4
Bd4 47. Kf3 g5 48. Bd3 Bd7 49. Bc4 g4+ 50. Ke2 Bc6 51. Kd3 Bb2 52. Bd5 h5 53.
Kc4 Ba1 0-1

[Event "II Liga CS - Istok"]
[Site "Golubac"]
[Date "2008.10.16"]
[Round "6.2"]
[White "Djokic, Vladan"]
[Black "Marinkovic, Velibor"]
[Result "1-0"]
[WhiteElo "2284"]
[BlackElo "2139"]
[PlyCount "61"]
[EventDate "2008.09.14"]

1. e4 c5 2. Nf3 Nc6 3. Bb5 Qc7 4. O-O d6 5. Re1 a6 6. Bxc6+ Qxc6 7. d4 Bg4 8.
d5 Qc7 9. h3 Bh5 10. Bf4 e5 11. dxe6 fxe6 12. g4 Bf7 13. e5 d5 14. c4 O-O-O 15.
cxd5 Rxd5 16. Qe2 Rd7 17. Nc3 h5 18. Ne4 hxg4 19. hxg4 Nh6 20. Nfg5 Qc6 21.
Rad1 Rd5 22. f3 Bg8 23. Rxd5 exd5 24. Nd6+ Kd8 25. Qh2 Be7 26. e6 d4 27. Nf5
Bh7 28. Nxe7 Kxe7 29. Qh4 Ke8 30. Qh5+ Ke7 31. Nxh7 1-0

[Event "II Liga CS - Istok"]
[Site "Golubac"]
[Date "2008.10.16"]
[Round "6.2"]
[White "Lazic, Milan"]
[Black "Stankovic, Dejan"]
[Result "1-0"]
[WhiteElo "2094"]
[BlackElo "2228"]
[PlyCount "85"]
[EventDate "2008.09.14"]

1. e4 e5 2. Nf3 Nf6 3. d4 Nxe4 4. Nxe5 d6 5. Nf3 d5 6. Bd3 Nc6 7. O-O Bg4 8.
Re1 Be7 9. c3 f5 10. Nbd2 Qd6 11. Qa4 O-O 12. c4 Nxd2 13. Nxd2 Nxd4 14. cxd5
Qb4 15. Qxb4 Bxb4 16. a3 Rfe8 17. Rxe8+ Rxe8 18. f3 Bxd2 19. Bxd2 Bxf3 20. Bc4
b5 21. Ba2 Kh8 22. Ba5 Re2 23. gxf3 Nxf3+ 24. Kf1 Rc2 25. Bb3 Nxh2+ 26. Ke1
Nf3+ 27. Kd1 Rg2 28. Kc1 Ne5 29. Bxc7 Nd3+ 30. Kd1 Nc5 31. Bc2 Rg1+ 32. Kd2
Rxa1 33. Bxf5 Rf1 34. Bc2 h5 35. b4 Nd7 36. Bd3 Ra1 37. Bf5 Nf6 38. d6 Rf1 39.
Bd3 Ra1 40. Bd8 Ne8 41. d7 Nd6 42. Bc7 Nf7 43. Bg6 1-0

[Event "II Liga CS - Istok"]
[Site "Golubac"]
[Date "2008.10.16"]
[Round "6.3"]
[White "Kraguljac, Pero"]
[Black "Pavlovic, Dean"]
[Result "0-1"]
[WhiteElo "2207"]
[BlackElo "2277"]
[Annotator ",compaq"]
[PlyCount "64"]
[EventDate "2008.09.14"]

1. Nf3 Nf6 2. g3 g6 3. Bg2 Bg7 4. O-O O-O 5. d3 c5 6. e4 d6 7. Re1 Nc6 8. e5
Ne8 9. exd6 exd6 10. c3 Qc7 11. Na3 a6 12. Nc4 h6 13. Ne3 Nf6 14. Nd2 Be6 15.
Ne4 Nd7 16. f4 d5 17. Nf2 d4 18. cxd4 cxd4 19. Nd5 Qd6 20. Qf3 Rad8 21. Bd2 Kh8
22. a3 Nc5 23. Nb4 Nb3 24. Nxc6 bxc6 25. Rad1 c5 26. Bc1 f5 27. Rf1 Rfe8 28.
Rde1 Bf7 29. Qd1 Rb8 30. h4 c4 31. dxc4 Bxc4 32. Nd3 Nxc1 {necitko...} 0-1

[Event "II Liga CS - Istok"]
[Site "Golubac"]
[Date "2008.10.16"]
[Round "6.3"]
[White "Panic, Milan"]
[Black "Milovanovic, Srboljub"]
[Result "1-0"]
[WhiteElo "2200"]
[BlackElo "2229"]
[PlyCount "58"]
[EventDate "2008.09.14"]

1. e4 c5 2. Nf3 Nc6 3. d4 cxd4 4. Nxd4 Nf6 5. Nc3 Qb6 6. Nb3 e6 7. Qe2 d6 8.
Be3 Qc7 9. g4 Be7 10. g5 Nd7 11. O-O-O a6 12. f4 b5 13. Bg2 Bb7 14. Kb1 Nb6 15.
Nd5 exd5 16. exd5 Na7 17. Bd4 O-O 18. Be4 g6 19. h4 Rfe8 20. h5 Bf8 21. hxg6
fxg6 22. Qd3 Rxe4 23. Qxe4 Nxd5 24. Qe6+ Qf7 25. Qxf7+ Kxf7 26. Rxh7+ Ke6 27.
Bxa7 Ne7 28. Re1+ Kd7 29. Bd4 Bd5 1-0

[Event "II Liga CS - Istok"]
[Site "Golubac"]
[Date "2008.10.16"]
[Round "6.3"]
[White "Petrovic, Dragan R"]
[Black "Kolbert, Engelbert"]
[Result "1-0"]
[WhiteElo "2189"]
[BlackElo "2218"]
[PlyCount "85"]
[EventDate "2008.09.14"]

1. Nf3 b6 2. g3 Bb7 3. Bg2 e5 4. d3 f5 5. O-O d6 6. e4 fxe4 7. Ng5 Nf6 8. Nc3
d5 9. dxe4 d4 10. Ne6 Qe7 11. Nd5 Bxd5 12. exd5 Qd6 13. f4 e4 14. Qxd4 c6 15.
Bxe4 cxd5 16. Bxd5 Qd7 17. Re1 Nxd5 18. Qxd5 Qxd5 19. Nc7+ Kd7 20. Nxd5 Nc6 21.
Be3 Bd6 22. Rad1 Rad8 23. Bf2 h5 24. c4 Kc8 25. Re6 Rh6 26. Rxh6 gxh6 27. Nf6
h4 28. Kg2 hxg3 29. hxg3 Be7 30. Rxd8+ Bxd8 31. Nd5 h5 32. Kf3 Kd7 33. b4 Ke6
34. Ke4 Nb8 35. f5+ Kf7 36. Ke5 Nc6+ 37. Kd6 Nxb4 38. Nxb4 Be7+ 39. Kc6 Bxb4
40. Kb7 Kf6 41. Kxa7 Kxf5 42. Bxb6 Kg4 43. c5 1-0

[Event "II Liga CS - Istok"]
[Site "Golubac"]
[Date "2008.10.16"]
[Round "6.3"]
[White "Rajkovic, Branislav"]
[Black "Zivkovic, Nemanja"]
[Result "0-1"]
[WhiteElo "2212"]
[BlackElo "2072"]
[PlyCount "86"]
[EventDate "2008.09.14"]

1. e4 c5 2. Nf3 e6 3. d4 cxd4 4. Nxd4 a6 5. c4 Qc7 6. Nc3 Nf6 7. Bd3 b6 8. O-O
Bb7 9. Qe2 d6 10. f4 Nbd7 11. Nb3 Be7 12. Be3 O-O 13. Kh1 Rac8 14. Rae1 Rfe8
15. Bg1 Nf8 16. Nd4 N6d7 17. Qh5 Bf6 18. Rf3 g6 19. Qh3 Bg7 20. Rg3 e5 21. Nde2
Ne6 22. f5 Nf4 23. Qg4 Nf6 24. Qf3 Nxd3 25. Qxd3 Qxc4 26. fxg6 hxg6 27. Qxd6
Bxe4 28. Qxb6 Re6 29. Qe3 Bb7 30. Bf2 Nh5 31. Rh3 Nf4 32. Nxf4 exf4 33. Qd2
Rxe1+ 34. Qxe1 Qc6 35. Rf3 g5 36. h3 Qh6 37. Rd3 f3 38. Nd5 fxg2+ 39. Kh2 Bxd5
40. Rxd5 g4 41. h4 Qf4+ 42. Bg3 Qf1 43. Rd1 g1=Q# 0-1

[Event "II Liga CS - Istok"]
[Site "Golubac"]
[Date "2008.10.16"]
[Round "6.3"]
[White "Trickovic, Vladimir"]
[Black "Kalcic, Krsta"]
[Result "1/2-1/2"]
[WhiteElo "1946"]
[BlackElo "2178"]
[PlyCount "125"]
[EventDate "2008.09.14"]

1. d4 Nf6 2. Bg5 Ne4 3. Bh4 d5 4. f3 Nd6 5. c3 f5 6. e3 g6 7. Bd3 Bh6 8. f4 b6
9. Nf3 O-O 10. Ne5 c5 11. Nd2 a5 12. Qf3 Ne4 13. Qh3 Bg7 14. Ndf3 Qd6 15. Bg5
Nd7 16. Nxd7 Bxd7 17. Bh6 cxd4 18. exd4 b5 19. Bxg7 Kxg7 20. Ne5 b4 21. c4 Bc8
22. c5 Qf6 23. Rc1 g5 24. g3 Kh8 25. c6 gxf4 26. gxf4 Rg8 27. c7 Qg7 28. Rc6
Nd6 29. Rc2 a4 30. a3 b3 31. Rc5 Qg2 32. Qxg2 Rxg2 33. Be2 Ra7 34. Kf1 Rg7 35.
Rg1 e6 36. Rxg7 Kxg7 37. Bh5 Kf6 38. Ke2 Rb7 39. Ke3 Nb5 40. Be2 Nxc7 41. Ra5
Ke7 42. Rxa4 Bd7 43. Ra5 Be8 44. Kd3 Kd6 45. Rc5 Ra7 46. Rc3 Ba4 47. Nf7+ Ke7
48. Ne5 Rb7 49. Rc5 Be8 50. Kd2 Nb5 51. Bxb5 Bxb5 52. Kc3 Be8 53. Nd3 Bb5 54.
Nb4 Bc4 55. Nc6+ Kd6 56. Na5 Rg7 57. Nxc4+ dxc4 58. Kxc4 Rg4 59. Kxb3 Rxf4 60.
Kc4 Rf1 61. b4 f4 62. Kd3 Re1 63. a4 1/2-1/2

[Event "II Liga CS - Istok"]
[Site "Golubac"]
[Date "2008.10.16"]
[Round "6.3"]
[White "Stojanovic, Ivan"]
[Black "Velickovic, Dusan"]
[Result "1/2-1/2"]
[WhiteElo "2146"]
[BlackElo "1971"]
[PlyCount "65"]
[EventDate "2008.09.14"]

1. e4 e5 2. Nf3 Nc6 3. Bc4 Bc5 4. c3 d6 5. O-O h6 6. d4 exd4 7. cxd4 Bb6 8. h3
Nf6 9. Nc3 O-O 10. Re1 Ne7 11. d5 Ng6 12. Be3 Bxe3 13. Rxe3 Re8 14. Rc1 Nh5 15.
Bb5 Bd7 16. Bxd7 Qxd7 17. Nd4 Nf6 18. Ncb5 Rec8 19. Rec3 c5 20. dxc6 bxc6 21.
Rxc6 Rxc6 22. Rxc6 Nxe4 23. Rc7 Qd8 24. Nc6 Qg5 25. Qf3 f5 26. g3 Re8 27. Ncd4
Nh4 28. Qf4 Qxf4 29. gxf4 Nd2 30. Rc1 Re4 31. Rd1 Nc4 32. b3 Nb6 33. Kf1
1/2-1/2

[Event "II Liga CS - Istok"]
[Site "Golubac"]
[Date "2008.10.16"]
[Round "6.4"]
[White "Nikolic, Zoran S"]
[Black "Markovic, Milan D"]
[Result "1/2-1/2"]
[WhiteElo "2201"]
[BlackElo "2349"]
[PlyCount "98"]
[EventDate "2008.09.14"]

1. e4 c5 2. Nf3 g6 3. d4 cxd4 4. Nxd4 Nc6 5. Nc3 Bg7 6. Be3 Nf6 7. f3 O-O 8.
Qd2 d5 9. O-O-O dxe4 10. Qe1 Nxd4 11. Bxd4 Qa5 12. Bc4 e5 13. Be3 exf3 14. gxf3
Be6 15. Nd5 Qxe1 16. Rhxe1 Nxd5 17. Bxd5 Bxd5 18. Rxd5 Rfe8 19. Rd7 e4 20. f4
b6 21. Red1 Bf6 22. R1d6 Re7 23. Rxe7 Bxe7 24. Rd7 Kf8 25. a4 Rd8 26. Rc7 Bd6
27. Rc4 f5 28. h4 Ke7 29. a5 bxa5 30. Rc6 a4 31. Ra6 a3 32. bxa3 Rd7 33. Kb2
Rc7 34. Ra5 Rb7+ 35. Kc3 Bc7 36. Ra6 Bb6 37. Kd2 Rd7+ 38. Ke2 Rc7 39. Bxb6 axb6
40. Kd2 Rd7+ 41. Ke2 Rb7 42. c4 Kf7 43. Ra8 Kg7 44. h5 gxh5 45. a4 h4 46. a5
bxa5 47. Rxa5 Rf7 48. c5 h3 49. Kf2 Kg6 1/2-1/2

[Event "II Liga CS - Istok"]
[Site "Golubac"]
[Date "2008.10.16"]
[Round "6.4"]
[White "Popovic, Djordje D"]
[Black "Batanjac, Aleksandar"]
[Result "1-0"]
[WhiteElo "2270"]
[BlackElo "2177"]
[PlyCount "84"]
[EventDate "2008.09.14"]

1. d4 e6 2. c4 b6 3. Nf3 Bb7 4. g3 Bxf3 5. exf3 d5 6. Bg2 Nf6 7. O-O Be7 8. Nc3
O-O 9. b3 Nc6 10. f4 Qd7 11. f5 dxc4 12. fxe6 fxe6 13. d5 Na5 14. bxc4 exd5 15.
Nxd5 Rad8 16. Qc2 Bc5 17. Nxf6+ gxf6 18. Bh6 Rfe8 19. Rad1 Qg4 20. Bf4 Rxd1 21.
Rxd1 Qe2 22. Qxe2 Rxe2 23. Bd5+ Kg7 24. Rd2 Re7 25. Rc2 c6 26. Bf3 Bb4 27. Kg2
Re1 28. Be3 Kf7 29. Be4 Bc5 30. Bxh7 Bxe3 31. fxe3 Rxe3 32. Kf2 Re5 33. Bd3 Nb7
34. g4 Nd6 35. Kf3 Rc5 36. h4 b5 37. cxb5 Rxc2 38. Bxc2 Nxb5 39. Ke4 Kg7 40.
Bb3 Kg6 41. Be6 Nd6+ 42. Kd4 f5 1-0

[Event "II Liga CS - Istok"]
[Site "Golubac"]
[Date "2008.10.16"]
[Round "6.4"]
[White "Marinkovic, Vojkan"]
[Black "Illijin, Neboisa"]
[Result "0-1"]
[WhiteElo "2054"]
[BlackElo "2277"]
[PlyCount "100"]
[EventDate "2008.09.14"]

1. e4 c5 2. Nf3 e6 3. d4 cxd4 4. Nxd4 Nf6 5. Bd3 Nc6 6. Nb3 a6 7. O-O Be7 8. f4
d6 9. Be3 O-O 10. Kh1 Nb4 11. Nc3 e5 12. a3 Nxd3 13. Qxd3 b5 14. Rad1 Be6 15.
Nd5 Bxd5 16. exd5 Nd7 17. Nd2 Rc8 18. c3 exf4 19. Bxf4 Nc5 20. Qg3 Bh4 21. Qh3
Bg5 22. Qf5 Bxf4 23. Rxf4 g6 24. Qc2 Qg5 25. Rd4 f5 26. Nf3 Qf6 27. Kg1 Rfe8
28. Rf1 Re3 29. Qf2 Rce8 30. Re1 Rxe1+ 31. Nxe1 Ne4 32. Qf1 Qg5 33. Nc2 h5 34.
Rd1 Re5 35. a4 bxa4 36. Rd3 h4 37. Nd4 Nc5 38. Nf3 Nxd3 39. Nxg5 Re1 40. Ne6
Rxf1+ 41. Kxf1 Nxb2 42. Nd4 a3 43. Ke2 a2 44. Nc2 Kf7 45. Ke3 Kf6 46. Kd4 g5
47. c4 Na4 48. Na1 g4 49. h3 Nc5 50. Kc3 f4 0-1

[Event "II Liga CS - Istok"]
[Site "Golubac"]
[Date "2008.10.16"]
[Round "6.5"]
[White "Zlatanovic, Zoran"]
[Black "Biljanic, Ljubomir"]
[Result "1/2-1/2"]
[WhiteElo "2203"]
[BlackElo "2306"]
[PlyCount "24"]
[EventDate "2008.09.14"]

1. e4 e5 2. Nf3 Nc6 3. Bb5 g6 4. c3 Bg7 5. d4 exd4 6. cxd4 a6 7. Bc4 d6 8. Nc3
Nge7 9. O-O O-O 10. h3 b5 11. Bb3 Na5 12. Bc2 Nc4 1/2-1/2

[Event "II Liga CS - Istok"]
[Site "Golubac"]
[Date "2008.10.16"]
[Round "6.5"]
[White "Tosic, Branislav"]
[Black "Pantic, Milivoje"]
[Result "1/2-1/2"]
[WhiteElo "2194"]
[BlackElo "2172"]
[PlyCount "30"]
[EventDate "2008.09.14"]

1. d4 Nf6 2. Nf3 e6 3. c4 b6 4. g3 Ba6 5. b3 Bb7 6. Bg2 Bb4+ 7. Bd2 a5 8. O-O
O-O 9. Bf4 Be7 10. Nc3 Ne4 11. Qd3 Nxc3 12. Qxc3 Qc8 13. Rfd1 Ra7 14. d5 Bf6
15. Be5 Bxe5 1/2-1/2

[Event "II Liga CS - Istok"]
[Site "Golubac"]
[Date "2008.10.16"]
[Round "6.5"]
[White "Vulicevic, Bratimir"]
[Black "Stojanovic, Jovica M"]
[Result "0-1"]
[WhiteElo "2150"]
[BlackElo "1934"]
[PlyCount "94"]
[EventDate "2008.09.14"]

1. d4 Nf6 2. Nf3 e6 3. c4 c5 4. Nc3 cxd4 5. Nxd4 b6 6. e4 d6 7. Be2 Bb7 8. Bf3
Nbd7 9. g3 a6 10. b3 Qc7 11. Bb2 Be7 12. O-O O-O 13. Re1 Rac8 14. Bg2 Rfe8 15.
Qd2 Qb8 16. Re2 Bd8 17. h3 Bc7 18. Rae1 Nf8 19. Nc2 Ng6 20. Nd4 Rcd8 21. Qc2
Ne5 22. Bc1 Rc8 23. Be3 h6 24. Qd2 b5 25. cxb5 Ba5 26. Nc6 Nxc6 27. bxc6 Rxc6
28. Rc1 Rec8 29. b4 Bxb4 30. Qb2 Bxc3 31. Qb3 Ba5 32. Rb1 Nd7 33. Qxb7 Rc1+ 34.
Bxc1 Rxc1+ 35. Kh2 Rxb1 36. Qxd7 Bb4 37. Rc2 Bc5 38. e5 Rb5 39. exd6 Qxd6 40.
Qc8+ Kh7 41. Bf1 Ra5 42. Qb7 f5 43. Bc4 Ra4 44. Qf7 Bxf2 45. Rxf2 Rxc4 46. h4
Rxh4+ 47. Kg2 Rg4 0-1

[Event "II Liga CS - Istok"]
[Site "Golubac"]
[Date "2008.10.16"]
[Round "6.5"]
[White "Radosavljevic, Novica"]
[Black "Stojanovic, Sreten"]
[Result "0-1"]
[WhiteElo "2125"]
[BlackElo "2200"]
[PlyCount "38"]
[EventDate "2008.09.14"]

1. e4 d5 2. exd5 Qxd5 3. Nc3 Qa5 4. d4 c6 5. Nf3 Nf6 6. Bc4 Bg4 7. h3 Bh5 8. g4
Bg6 9. Ne5 Nbd7 10. Nxg6 hxg6 11. Bd2 Qb6 12. Qe2 Qxd4 13. O-O-O Qe5 14. Qf3
Qc5 15. Bxf7+ Kxf7 16. Be3 Ne5 17. Qf4 g5 18. Qxg5 Qa5 19. b4 Qa3+ 0-1

[Event "II Liga CS - Istok"]
[Site "Golubac"]
[Date "2008.10.16"]
[Round "6.6"]
[White "Raicevic, Ivica"]
[Black "Dimitrijevic, Srdjan"]
[Result "1-0"]
[WhiteElo "2303"]
[BlackElo "2297"]
[PlyCount "89"]
[EventDate "2008.09.14"]

1. c4 e5 2. Nc3 c5 3. g3 Nc6 4. Bg2 g6 5. d3 Bg7 6. Nf3 Nge7 7. O-O d6 8. Ne1
Be6 9. Nc2 d5 10. cxd5 Nxd5 11. Ne3 Nde7 12. Nc4 O-O 13. h3 Qd7 14. Kh2 Rfd8
15. Bg5 h6 16. Bxe7 Nxe7 17. Qa4 f5 18. Qb5 Qxb5 19. Nxb5 Bxc4 20. dxc4 e4 21.
Rad1 Be5 22. Nc3 Rd4 23. f3 g5 24. fxe4 f4 25. gxf4 Bxf4+ 26. Kh1 Rf8 27. Rxd4
cxd4 28. Nd5 Nxd5 29. exd5 b6 30. Bf3 Rc8 31. b3 Kg7 32. Bg4 Rc7 33. Kg2 Kf6
34. h4 Ke5 35. hxg5 hxg5 36. Rh1 Kd6 37. Kf3 Kc5 38. Ke4 Rf7 39. a3 a5 40. Be6
Rf8 41. Kd3 Bd6 42. Rb1 Bf4 43. b4+ axb4 44. axb4+ Kd6 45. Kxd4 1-0

[Event "II Liga CS - Istok"]
[Site "Golubac"]
[Date "2008.10.16"]
[Round "6.6"]
[White "Petkovic, Dragoslav"]
[Black "Dmitrovic, Tomislav"]
[Result "0-1"]
[WhiteElo "2263"]
[BlackElo "2272"]
[PlyCount "83"]
[EventDate "2008.09.14"]

1. e4 e6 2. d3 b5 3. g3 d5 4. exd5 exd5 5. d4 a6 6. Bg2 Nf6 7. Ne2 Be7 8. O-O
O-O 9. a4 b4 10. c4 Bf5 11. cxd5 Nxd5 12. Nf4 c6 13. g4 Bc8 14. Re1 a5 15. Nxd5
cxd5 16. Qf3 Be6 17. Nd2 Nd7 18. Nf1 Nf6 19. h3 Ne4 20. Ng3 Nxg3 21. Qxg3 Rc8
22. Bf1 Bh4 23. Qd3 Qd6 24. Qf3 Rc2 25. Re2 Rfc8 26. Be3 h6 27. Rae1 Qd7 28.
Rxc2 Rxc2 29. Bb5 Qc8 30. Re2 Rxe2 31. Qxe2 h5 32. f3 Qc7 33. f4 g5 34. Qh2
hxg4 35. hxg4 Bxg4 36. Qg2 Qe7 37. Bd2 Qf6 38. Qxd5 gxf4 39. Qe4 Bg3 40. Bd3
Bd7 41. Kg2 Qh4 42. Qh7+ 0-1

[Event "II Liga CS - Istok"]
[Site "Golubac"]
[Date "2008.10.16"]
[Round "6.6"]
[White "Zafirovski, Mite"]
[Black "Stankovic, Ivan G"]
[Result "1/2-1/2"]
[WhiteElo "2270"]
[BlackElo "2025"]
[PlyCount "27"]
[EventDate "2008.09.14"]

1. d4 g6 2. c4 Bg7 3. g3 d6 4. Bg2 Nd7 5. Nf3 e5 6. Nc3 Ne7 7. O-O O-O 8. e4 h6
9. Rb1 Kh7 10. dxe5 dxe5 11. b4 f5 12. exf5 Nxf5 13. Ne4 Nd4 14. c5 1/2-1/2

[Event "II Liga CS - Istok"]
[Site "Golubac"]
[Date "2008.10.16"]
[Round "6.6"]
[White "Puzic, Slobodan"]
[Black "Turudic, Nenad"]
[Result "1/2-1/2"]
[WhiteElo "2151"]
[BlackElo "2224"]
[PlyCount "36"]
[EventDate "2008.09.14"]

1. d4 Nf6 2. c4 e6 3. Nc3 Bb4 4. Qc2 O-O 5. a3 Bxc3+ 6. Qxc3 b6 7. Bg5 Bb7 8.
f3 h6 9. Bh4 c5 10. e3 cxd4 11. exd4 d5 12. cxd5 Bxd5 13. Bd3 Nbd7 14. Ne2 Rc8
15. Qd2 Bc4 16. Bc2 Qc7 17. Rc1 Qb7 18. O-O Qa6 1/2-1/2

[Event "II Liga CS - Istok"]
[Site "Golubac"]
[Date "2008.10.16"]
[Round "6.6"]
[White "Mitic, Jovan Dj"]
[Black "Lalovic, Srecko"]
[Result "0-1"]
[WhiteElo "2132"]
[BlackElo "2219"]
[PlyCount "133"]
[EventDate "2008.09.14"]

1. e4 e5 2. Nf3 Nf6 3. Nxe5 d6 4. Nf3 Nxe4 5. Qe2 Qe7 6. d3 Nf6 7. Nc3 Bg4 8.
Bg5 Bxf3 9. gxf3 Qxe2+ 10. Bxe2 Be7 11. Nb5 Na6 12. O-O-O h6 13. Bh4 Nd5 14.
Bxe7 Kxe7 15. Rhg1 c6 16. Nd4 Kf6 17. Rg4 g5 18. h4 Nf4 19. Kd2 Rae8 20. Bf1
Ng6 21. hxg5+ hxg5 22. Ne2 Rh2 23. Rg2 Nh4 24. Rxh2 Nxf3+ 25. Kc1 Nxh2 26. Ng3
d5 27. Be2 g4 28. Rh1 Nf3 29. Bxf3 gxf3 30. Rh4 Kg5 31. Rh5+ Kg4 32. Rf5 Re1+
33. Kd2 Re2+ 34. Nxe2 Kxf5 35. Nd4+ Kf4 36. Nb3 b6 37. Nd4 Nb8 38. b4 a6 39. a3
c5 40. bxc5 bxc5 41. Nb3 Nd7 42. Na5 d4 43. Nb7 Ke5 44. Nd8 f6 45. Nf7+ Ke6 46.
Nd8+ Kd5 47. Nb7 Ne5 48. Nd8 c4 49. Nb7 cxd3 50. cxd3 Kc6 51. Na5+ Kb5 52. Nb3
Nc6 53. Kc2 a5 54. Nd2 Ka4 55. Kb2 Ne5 56. Ka2 f5 57. Kb2 Nxd3+ 58. Kc2 Ne5 59.
Kb2 Kb5 60. Kb3 a4+ 61. Kc2 Kc5 62. Kd1 d3 63. Nf1 Kc4 64. Nd2+ Kd4 65. Kc1 Nc4
66. Nxf3+ Kc3 67. Ne5 0-1